000 01012nam a22002297a 4500
999 _c2214
_d2214
003 AR-CdUCM
008 190304b ||||| |||| 00| 0 spa d
040 _aMUNICIPALIDAD PROVINCIAL DEL CUSCO
_cBIBLIOTECA MUNICIPAL DEL CUSCO
082 _a985.541 /
_bR93
100 _aRuiz Cárdenas, Gamaniel
_97975
245 _aLa intendencia de Huamanga /
260 _aLima :
_bTalleres de Servicios de Artes Gráficas S.A. (SACSA),
_c1990.
300 _a219 páginas ;
_c20 cm.
505 _aContenido: Primera parte -- La política europea y española en el siglo XVIII -- El descubrimiento de América y la conquista del Perú -- La intendencia de España -- Segunda parte: La intendencia de Huamanga ...
650 _aHuamanga - Ayaucho - Historia
_97976
650 _aIntendencias - Derecho indiano
_97977
650 _aHuamanga - Política y gobierno
_97978
650 _aEspaña - Colonias
_97979
650 _aAdministración colonial - Perú
_97980
942 _2ddc
_cLIBROS
945 _alccs
_d2019-03-04